[Event "HCL-A087"]
[Site "www.playchess.de"]
[Date "2001.03.20"]
[Round "8"]
[White "peze"]
[Black "omnibus"]
[WhiteElo "2005"]
[BlackElo "1700"]
[PlyCount "47"]
[Result "1-0"]

1.e4 {Hello and Good luck!}  e6 {Good luck to you 
too!}  2.d4 d5 3.Nd2 dxe4 4.Nxe4 Nd7 5.Nf3 Ngf6 
6.Nxf6+ Nxf6 7.Bd3 b6 8.Qe2 Bb7 9.Bg5 Be7 10.O-O-O 
Nd5 11.h4 Bxg5+ 12.hxg5 Nf4 13.Qe5 Nxd3+ 14.Rxd3 
Qd6 15.Qxg7 Qf4+ 16.Re3 O-O-O 17.Qe5 Qxe5 18.Nxe5 
Rxd4 19.f3 Rf4 20.g6 fxg6 21.Nxg6 hxg6 22.Rxh8+ 
Kd7 23.Rg8 Rf7 24.Rxg6 1-0

[Event "HCL-A088"]
[Site "www.playchess.de"]
[Date "2001.03.20"]
[Round "2"]
[White "Dead_Pay"]
[Black "Rparkes"]
[WhiteElo "1700"]
[BlackElo "1700"]
[PlyCount "22"]
[Result "0-1"]

1.Nf3 {here goes}  d5 2.e3 Nc6 3.d4 Bg4 4.Nbd2 e5 
5.dxe5 {ooh....}  Nxe5 6.Be2 Nc6 7.h3 Bh5 8.Bb5 
Bd6 9.g4 Bg6 10.c4 Nge7 11.cxd5 
Nxd5 0-1

[Event "ACL-A100"]
[Site "www.playchess.de"]
[Date "2001.03.20"]
[Round "7"]
[White "mladsir"]
[Black "chrisg"]
[WhiteElo "1523"]
[BlackElo "1784"]
[PlyCount "47"]
[Result "1-0"]

1.e4 c6 2.Nc3 {Good old Caro-Kann! Good luck!}  d5 
{thx, good luck you too!}  3.Nf3 Bg4 4.h3 Bh5 
5.exd5 cxd5 6.Bb5+ Nc6 7.d4 e6 8.O-O Bd6 9.Re1 
Nge7 10.Qd3 O-O 11.Ne5 f5 12.Bg5 Qc8 13.Bxe7 Nxe5 
14.dxe5 Bxe7 15.Ne2 f4 16.Nd4 Bc5 17.c4 a6 18.Ba4 
Rd8 19.Ne2 dxc4 20.Qc3 Bxe2 21.Rxe2 Rd6 22.exd6 
Bxd6 {O, my fingers were too fast!}  23.Rd1 {i am 
sorry that you blew up good game!}  Bc5 {no 
problem, my mistake!}  24.Bd7 1-0

[Event "HCL-B189"]
[Site "www.playchess.de"]
[Date "2001.03.20"]
[Round "14"]
[White "DepthCharge"]
[Black "ggaarrii"]
[WhiteElo "1516"]
[BlackElo "1308"]
[PlyCount "60"]
[Result "1/2-1/2"]

1.e4 {Hi. Good luck! :)}  c5 {Hi again & gl to you 
too!}  2.Nf3 Nc6 3.d4 cxd4 4.Nxd4 Nf6 5.Nc3 d6 
6.Bb5 Qc7 7.Nd5 Qd7 8.Bd2 a6 9.Bxc6 bxc6 10.Nb6 
Qa7 11.Nxa8 Qxd4 12.O-O Qa7 13.Re1 Qxa8 14.e5 dxe5 
15.Rxe5 e6 16.Qf3 Be7 17.Rd1 O-O 18.Bg5 h6 19.Bh4 
Bb7 {If i beat bauernhopfer we can draw and we are 
both promoted to A class. What do you say?}  
20.Qg3 {Let's play it out, this game has chances 
for both sides.I might make another mistake!}  Rd8 
21.Rde1 Rd2 22.Qb3 c5 23.R5e2 Rxe2 24.Rxe2 Bxg2 
25.Bxf6 Bxf6 26.Qg3 Bd5 27.b3 c4 28.c3 cxb3 29.Rb2 
Qc8 {I won against bauernopfer so let's finish the 
tournament and go to A league and play better 
players!}  30.axb3 Qxc3 {This is my last offer!} 
 1/2-1/2

[Event "HCL-B195"]
[Site "www.playchess.de"]
[Date "2001.03.20"]
[Round "16"]
[White "GAZOLA"]
[Black "Raphael"]
[WhiteElo "1500"]
[BlackElo "1200"]
[PlyCount "60"]
[Result "0-1"]

1.e4 e5 2.Nf3 d6 3.Nc3 Nf6 4.Bb5+ c6 5.Ba4 a5 6.a3 
b5 7.Bb3 Ba6 8.d4 Nbd7 9.Ng5 d5 10.exd5 exd4 
11.Qxd4 Bc5 12.Qd2 cxd5 13.Nxd5 O-O 14.O-O Ne5 
15.Nxf6+ Qxf6 16.c3 a4 17.Bc2 g6 18.Nxh7 Kxh7 
19.Qh6+ Kg8 20.Bg5 Qg7 21.Be4 Ra7 22.Rae1 b4 
23.cxb4 Bxf1 24.Kxf1 Bd4 25.Rb1 Ng4 26.Qxg7+ Kxg7 
27.h3 Nxf2 28.Bh4 Nxe4 29.Ke2 Bf6 30.Bxf6+ 
Kxf6 0-1

[Event "HCL-B189"]
[Site "www.playchess.de"]
[Date "2001.03.20"]
[Round "19"]
[White "ggaarrii"]
[Black "Bauernopfer"]
[WhiteElo "1308"]
[BlackElo "1305"]
[PlyCount "109"]
[Result "1-0"]

1.e4 c5 2.Nf3 Nc6 3.d4 cxd4 4.Nxd4 Nxd4 5.Qxd4 d6 
6.Bc4 Qa5+ 7.Nc3 Qc5 8.Qxc5 dxc5 9.Nd5 Rb8 10.Bf4 
e6 11.Bxb8 exd5 12.exd5 a6 13.O-O-O Kd7 14.Rhe1 g6 
15.Be2 Nf6 16.Be5 Bg7 17.Bxf6 Bxf6 18.Bg4+ Kd6 
19.Bxc8 Rxc8 20.c4 b5 21.b3 Rb8 22.Re2 bxc4 
23.bxc4 Rb4 24.Re4 Bd4 25.Rexd4 cxd4 26.Rxd4 Kc5 
27.a3 Rb3 28.Kc2 Rb6 29.Kc3 a5 30.a4 f5 31.d6 Rxd6 
32.Rxd6 Kxd6 33.Kd4 g5 34.f3 h5 35.g3 h4 36.gxh4 
gxh4 37.f4 h3 38.c5+ Ke6 39.c6 Kd6 40.c7 Kxc7 
41.Ke5 Kd7 42.Kxf5 Kd6 43.Kf6 Kc5 44.Kg6 Kb4 45.f5 
Kxa4 46.f6 Kb3 47.f7 a4 48.f8Q {%}  a3 49.Qf3+ Kb2 
50.Qxh3 a2 51.Qg2+ Ka3 52.Qg1 Kb2 53.Qd4+ Kb1 
54.h4 a1N {%}  55.h5 1-0

[Event "ACL-A105"]
[Site "www.playchess.de"]
[Date "2001.03.20"]
[Round "7"]
[White "guerino"]
[Black "jefersonmello"]
[WhiteElo "1199"]
[BlackElo "1500"]
[PlyCount "69"]
[Result "1-0"]

1.e4 e5 2.Nf3 Nc6 3.Bb5 Nge7 4.O-O d6 5.h3 Bd7 
6.d4 Nxd4 7.Nxd4 exd4 8.Bxd7+ Qxd7 9.Qxd4 c5 
10.Qd3 Nc6 11.Nc3 Be7 12.Nd5 Ne5 13.Qe2 O-O 14.Be3 
b5 15.Nxe7+ Qxe7 16.Rfd1 b4 17.Rd2 a5 18.Rad1 Rfd8 
19.b3 a4 20.f3 axb3 21.axb3 Ra2 22.Bxc5 f6 23.Bxb4 
Nf7 24.Qc4 Kh8 25.Qc6 h6 26.Bxd6 Nxd6 27.R2xd6 
Rxd6 28.Rxd6 Ra1+ 29.Kf2 Qa7+ 30.Kg3 Rf1 31.Rd2 
Qe3 32.Qd5 g5 33.Qd8+ Kg7 34.Rd7+ Kg6 
35.Qe8+ 1-0

[Event "ACL-A105"]
[Site "www.playchess.de"]
[Date "2001.03.20"]
[Round "11"]
[White "jefersonmello"]
[Black "patzer"]
[WhiteElo "1500"]
[BlackElo "1485"]
[PlyCount "88"]
[Result "0-1"]

1.e4 {Hi! Gut  spiel  !}  e5 {Wünsche ich auch! 
:)}  2.Nf3 Nc6 3.Bb5 Nf6 4.Bxc6 dxc6 5.O-O Nxe4 
6.Re1 Nd6 7.Nxe5 Be7 8.Qh5 O-O 9.d3 Be6 10.Nc3 Re8 
11.Bd2 a5 12.Re2 g6 13.Qf3 Nf5 14.Be3 Bd6 15.Ng4 
Kh8 16.Nh6 Nxh6 17.Bxh6 Qh4 18.g3 Qxh6 19.Rae1 Re7 
20.Ne4 Rae8 21.Nf6 Bd5 22.Nxd5 R7xe2 23.Rxe2 Rxe2 
24.Qxe2 cxd5 25.Qe8+ Kg7 26.Qe3 Qxe3 27.fxe3 c5 
28.d4 b6 29.a4 Kf6 30.Kf2 Kf5 31.Kf3 cxd4 32.exd4 
h5 33.c3 f6 34.h3 g5 35.Kf2 Ke4 36.g4 hxg4 37.hxg4 
Kd3 38.Kf3 Ba3 39.bxa3 Kxc3 40.Ke3 Kc4 41.Kd2 Kxd4 
42.Kc2 Ke4 43.Kc3 d4+ 44.Kc4 d3 0-1

[Event "HCL-C200"]
[Site "www.playchess.de"]
[Date "2001.03.20"]
[Round "14"]
[White "king"]
[Black "foxzy"]
[WhiteElo "869"]
[BlackElo "614"]
[PlyCount "74"]
[Result "0-1"]

1.e4 e5 2.Nf3 Nc6 3.b3 Nf6 4.d3 Bb4+ 5.c3 Ba5 
6.Bg5 h6 7.b4 Bb6 8.b5 Na5 9.Bd2 Ng4 10.d4 d5 
11.Nxe5 Nxe5 12.dxe5 dxe4 13.Qe2 Bf5 14.g4 Bg6 
15.h4 Qd5 16.h5 Bh7 17.Bg2 O-O-O 18.f3 Qxe5 
19.fxe4 Qg3+ 20.Kd1 Rd7 21.Rh3 Qe5 22.a4 Nb3 
23.Ra3 Nxd2 24.Nxd2 Rhd8 25.Ra2 Ba5 26.Ke1 Bxc3 
27.Rc2 Bxd2+ 28.Rxd2 R7xd2 29.Qxd2 Rxd2 30.Kxd2 
Qb2+ 31.Kd3 Qxg2 32.Re3 Qxg4 33.Kd4 Qxh5 34.e5 
Qd1+ 35.Kc4 Qxa4+ 36.Kc5 b6+ 37.Kc6 
Be4+ 0-1

[Event "HCL-C204"]
[Site "www.playchess.de"]
[Date "2001.03.20"]
[Round "7"]
[White "Bookkeeper"]
[Black "ZenPuppie"]
[WhiteElo "1000"]
[BlackElo "1000"]
[PlyCount "47"]
[Result "1-0"]

1.e4 e5 2.Nf3 Nc6 3.Bb5 Nf6 4.Nc3 a6 5.Bxc6 bxc6 
6.O-O d6 7.d3 h6 8.Re1 Be7 9.Be3 O-O 10.d4 exd4 
11.Nxd4 Bb7 12.Qf3 c5 13.Nf5 Nh7 14.Qg3 Bg5 15.h4 
Qf6 16.hxg5 hxg5 17.f3 Rad8 18.Kf2 Rfe8 19.Reh1 
Bc8 20.Qh3 Bxf5 21.exf5 Re5 22.Qxh7+ Kf8 23.g4 
Rxe3 24.Nd5 1-0

[Event "HCL-B205"]
[Site "www.playchess.de"]
[Date "2001.03.20"]
[Round "6"]
[White "player27"]
[Black "pfff5"]
[WhiteElo "1461"]
[BlackElo "1500"]
[PlyCount "75"]
[Result "1-0"]

1.Nf3 {*handshake* good luck}  Nc6 {bonne chance}  
2.e4 e5 3.Nc3 Bb4 4.Nd5 Nf6 5.c3 Bc5 6.Nxf6+ Qxf6 
7.d3 h6 8.Be2 O-O 9.b4 Bb6 10.a4 a5 11.b5 Ne7 
12.d4 d6 13.O-O Ng6 14.h3 Nf4 15.Re1 Qg6 16.Bxf4 
exf4 17.Nh4 Qg5 18.Nf3 Qg6 19.Qd3 Bxh3 20.Nh4 Qg5 
21.Qxh3 Rae8 22.Qg4 Rxe4 23.Qxg5 hxg5 24.Nf3 g4 
25.Nd2 Re7 26.Bxg4 Rxe1+ 27.Rxe1 g5 28.Re7 Ba7 
29.Rxc7 Rb8 30.Bf3 Re8 31.Bxb7 Bb8 32.Rc8 Rxc8 
33.Bxc8 Kg7 34.Nc4 Bc7 35.b6 Bb8 36.b7 Bc7 37.Nxa5 
Kf6 38.Nc6 1-0

[Event "HCL-C201"]
[Site "www.playchess.de"]
[Date "2001.03.20"]
[Round "2"]
[White "Coney"]
[Black "craigsadler"]
[WhiteElo "1053"]
[BlackElo "699"]
[PlyCount "113"]
[Result "1-0"]

1.d4 {We meet again!}  c6 {:)}  2.e4 d5 3.Nc3 dxe4 
4.Nxe4 Bf5 5.Ng3 Bg6 6.h4 h6 7.Nf3 Nd7 8.h5 Bh7 
9.Bd3 Bxd3 10.Qxd3 Ngf6 11.Ne4 e6 12.g3 Nxe4 
13.Qxe4 Nf6 14.Qd3 Nd5 15.Ne5 Bd6 16.Nc4 O-O 
17.Rh4 Be7 18.Rh3 b5 19.Ne5 Nb4 20.Qc3 Rc8 21.a3 
Nd5 22.Qd3 Bf6 23.Be3 Bxe5 24.dxe5 Qa5+ 25.Bd2 b4 
26.O-O-O Qb5 27.Qxb5 cxb5 28.Bxb4 Nxb4 29.axb4 Rc6 
30.g4 Rfc8 31.c3 R6c4 32.Rg3 g6 33.hxg6 fxg6 
34.Rh1 Kg7 35.Rgh3 h5 36.gxh5 g5 37.h6+ Kg6 38.Rf3 
Rf4 39.Rxf4 gxf4 40.h7 Rh8 41.Rg1+ Kxh7 42.Rh1+ 
Kg7 43.Rxh8 Kxh8 44.Kd2 Kg7 45.Kd3 Kg6 46.Ke4 f3 
47.b3 a6 48.c4 bxc4 49.bxc4 Kf7 50.Kxf3 Ke7 51.Ke4 
Kd7 52.f4 Kc6 53.f5 exf5+ 54.Kxf5 Kd7 55.Kf6 Ke8 
56.c5 Kd7 57.e6+ 1-0

[Event "HCL-B206"]
[Site "www.playchess.de"]
[Date "2001.03.20"]
[Round "8"]
[White "Translightor"]
[Black "dom"]
[WhiteElo "1480"]
[BlackElo "1428"]
[PlyCount "23"]
[Result "1-0"]

1.e4 {Hello & Good Luck!}  e5 {Here's to a good 
game}  2.Nf3 Nc6 3.Bb5 d6 4.d4 Bd7 5.Nc3 g6 6.Bxc6 
bxc6 7.dxe5 Bg4 8.Bf4 Bxf3 9.Qxf3 Be7 10.O-O h5 
11.Rad1 Qb8 12.b3 1-0

[Event "HCL-B206"]
[Site "www.playchess.de"]
[Date "2001.03.20"]
[Round "12"]
[White "Whatever"]
[Black "Translightor"]
[WhiteElo "1537"]
[BlackElo "1480"]
[PlyCount "99"]
[Result "1-0"]

1.e4 c5 {Hi & Good Luck!}  2.Nf3 {Have a good 
game.}  e6 3.d4 cxd4 4.Nxd4 a6 5.Bd3 Nf6 6.O-O d6 
7.f4 Be7 8.Kh1 Nbd7 9.Nc3 Qc7 10.Nf3 b5 11.Qe2 Bb7 
12.e5 dxe5 13.fxe5 Nd5 14.Ne4 {You're up very 
late. And you find good moves. Scary.}  O-O 
{sleepplaying...}  15.Neg5 g6 16.c3 N7b6 17.Nh3 
Rac8 18.Bh6 Rfe8 19.Nfg5 Bxg5 20.Bxg5 {I finally 
found atournament where I can play you with black. 
See you there.}  Nc4 {But this game shows that you 
can play me very well with White - though I 
expected Nxg5.}  21.Rae1 {I thought about that. 
But then I remembered what ordeals I usually go 
through to get the Bg7 off...}  Ne7 22.Bf6 Nd5 
23.b3 Ncb6 24.Qd2 Nxf6 25.exf6 Nd7 26.c4 Qd6 
27.Qh6 Qf8 28.Qh4 {This game is very interesting.} 
 Rc5 29.Ng5 Rxg5 {Well... couldn't find anything 
better.}  30.Qxg5 {It is the best I}  bxc4 31.Bxc4 
h6 32.Qa5 Ra8 33.Qc7 Nc5 {Life is getting harder 
all the time!}  34.Red1 Rc8 35.Qe7 Re8 36.Qxf8+ 
Kxf8 37.b4 Ne4 38.Rd7 Bc8 39.Rd4 Bb7 40.Kg1 Nc3 
41.Rc1 Ne4 42.Rxe4 Bxe4 43.Bxa6 Rb8 44.b5 Ke8 
45.Rc7 g5 46.a4 Bd3 47.Kf2 Bg6 48.Ke3 Kd8 49.Rc1 
Kd7 50.a5 1-0

[Event "HCL-C201"]
[Site "www.playchess.de"]
[Date "2001.03.20"]
[Round "25"]
[White "Toady"]
[Black "MEATHEAD"]
[WhiteElo "1000"]
[BlackElo "1029"]
[PlyCount "40"]
[Result "0-1"]

1.e4 e5 2.Nf3 Nf6 3.Bd3 Bd6 4.Ng5 h6 5.Nf3 Bc5 
6.Nxe5 Qe7 7.Nf3 Ng4 8.O-O Nc6 9.Qe2 Bd6 10.c3 
Nce5 11.Nxe5 Qxe5 12.g3 h5 13.h3 Nh2 14.Re1 h4 
15.Kxh2 hxg3+ 16.Kg2 Rh6 17.Qg4 Rg6 18.f3 Rxg4 
19.hxg4 Qc5 20.b4 Qf2+ 0-1

[Event "HCL-A093"]
[Site "www.playchess.de"]
[Date "2001.03.20"]
[Round "4"]
[White "Badknights"]
[Black "Rifleman"]
[WhiteElo "1700"]
[BlackElo "1532"]
[PlyCount "30"]
[Result "0-1"]

1.d4 {good luck}  d5 {Good luck to you to.}  2.Nf3 
Nc6 {:}  3.Bf4 Nf6 4.e3 e6 5.c4 Bb4+ 6.Nbd2 dxc4 
7.Bxc4 Ne4 8.O-O Nxd2 9.Nxd2 e5 10.Bg3 O-O 11.Nf3 
exd4 12.Nxd4 Nxd4 13.Qxd4 Qxd4 14.exd4 c6 15.a3 
Ba5 0-1

[Event "HCL-B204"]
[Site "www.playchess.de"]
[Date "2001.03.20"]
[Round "9"]
[White "harkbrw"]
[Black "Jeff_Foster"]
[WhiteElo "1200"]
[BlackElo "1495"]
[PlyCount "27"]
[Result "1-0"]

1.e4 e5 2.Nf3 {Hi and good luck!}  Nc6 {hi :)}  
3.Bc4 Nf6 4.Nc3 Bb4 5.O-O Bxc3 6.bxc3 O-O 7.d4 d6 
8.Re1 Bd7 9.Ba3 Qe7 10.Nh4 g6 11.f4 exf4 12.e5 
dxe5 13.Bxe7 Nxe7 14.dxe5 1-0

[Event "HCL-A094"]
[Site "www.playchess.de"]
[Date "2001.03.20"]
[Round "28"]
[White "easykiller"]
[Black "minkin72"]
[WhiteElo "1700"]
[BlackElo "2034"]
[PlyCount "74"]
[Result "0-1"]

1.d4 {Hi from Bratislava}  d5 {Hi from US :)}  
2.Nf3 Nf6 3.c4 c6 4.cxd5 cxd5 5.Nc3 Nc6 6.Bf4 Ne4 
7.e3 Nxc3 8.bxc3 g6 9.Bd3 Bg7 10.O-O O-O 11.c4 
dxc4 12.Bxc4 Bf5 13.Rc1 Rc8 14.Qa4 a6 15.Be2 Qb6 
16.h3 Qb2 17.Bxa6 bxa6 18.Rxc6 Bd7 19.d5 Bxc6 
20.dxc6 Qc3 21.Qxa6 Qxc6 22.Qa3 Qc5 23.Qxc5 Rxc5 
24.Rb1 Ra8 25.Rb7 e5 26.Bg3 f6 27.Kh2 Rc2 28.h4 
Bf8 29.h5 gxh5 30.Kh3 Rcxa2 31.Kh4 R8a5 32.Rd7 
R2a1 33.Kh3 Rh1+ 34.Bh2 Ra2 35.Kg3 e4 36.Ng1 h4+ 
37.Kh3 Rxf2 0-1

[Event "HCL-C212"]
[Site "www.playchess.de"]
[Date "2001.03.20"]
[Round "10"]
[White "King_Slayer"]
[Black "foxzy"]
[WhiteElo "1000"]
[BlackElo "767"]
[PlyCount "103"]
[Result "1-0"]

1.d4 d5 2.c4 Nc6 3.Nc3 dxc4 4.Nf3 Nf6 5.e3 Bg4 
6.Bxc4 e6 7.h3 Bxf3 8.Qxf3 Bb4 9.Bb5 Qd7 10.O-O a6 
11.Ba4 b5 12.Bb3 O-O 13.d5 Ne5 14.Qd1 exd5 15.Nxd5 
Nxd5 16.Bxd5 Rad8 17.Qb3 c5 18.Rd1 Ba5 19.e4 Bc7 
20.Qa3 Qc6 21.f4 Nc4 22.Qg3 Qf6 23.Rb1 Nb6 24.b3 
Rd7 25.Bb2 Qh6 26.Rd2 Bxf4 27.Bxg7 Qxg7 28.Qxf4 
Kh8 29.Qf2 f5 30.Rf1 Qe5 31.Qxc5 Rd6 32.Qd4 Re8 
33.Rxf5 Qxd4+ 34.Rxd4 Nd7 35.Bf7 Rxd4 36.Bxe8 Nb6 
37.e5 Re4 38.Bf7 Nc8 39.e6 Nd6 40.Rd5 Nxf7 41.exf7 
Kg7 42.Rd7 Rf4 43.f8Q+ {%}  Kxf8 44.Rxh7 Rd4 
45.Ra7 Rd1+ 46.Kh2 Rd6 47.h4 Ke8 48.h5 Kd8 49.Kh3 
Kc8 50.g4 Kb8 51.Rg7 Rd2 52.h6 1-0

[Event "HCL-B214"]
[Site "www.playchess.de"]
[Date "2001.03.20"]
[Round "7"]
[White "plobi"]
[Black "sundfar"]
[WhiteElo "1289"]
[BlackElo "1043"]
[PlyCount "54"]
[Result "0-1"]

1.d4 Nf6 {Hi from Norway. I wish you good luck in 
all your games.}  2.c4 {thanks, the same to you! 
Best wishes from Austria and "skön karneval" ...}  
g6 3.Nf3 d5 4.Nc3 c6 5.g3 Bg7 6.cxd5 cxd5 7.Bg2 
Nc6 8.Qa4 O-O 9.Ne5 Bd7 10.Qd1 e6 11.Bg5 Qe8 
12.O-O a6 13.Rc1 Qb8 14.Bxf6 Bxf6 15.Nxd7 {till 
you made this mistake in move 13 it was an good 
game of you!}  Qd8 {That was a big surprise}  
16.Nxf8 {what? that you played so good or do you 
mean my move ...?}  Qxf8 {your move of course, I 
tought I had control, and I didn't see your attack 
on d7}  17.Qb3 Rb8 {it is not much inspiration for 
me to play this game now, but..}  18.e4 {but 
...???}  Nxd4 {but I will not resign yet.}  19.Qb6 
{thats good ...}  h5 20.exd5 h4 21.gxh4 Qh6 
22.dxe6 Nxe6 23.Ne4 Bxh4 24.Ng3 Kg7 25.Bxb7 Rh8 
26.Rc8 Bd8 27.Qd6 Qxh2+ {I think I finished this 
game well}  0-1

[Event "HCL-A095"]
[Site "www.playchess.de"]
[Date "2001.03.20"]
[Round "4"]
[White "One_i"]
[Black "jmcerna"]
[WhiteElo "1373"]
[BlackElo "1721"]
[PlyCount "126"]
[Result "0-1"]

1.d4 d5 {Hi again}  2.e4 {Hi, good luck}  dxe4 
3.Nc3 Nf6 4.f3 exf3 5.Nxf3 Bg4 6.h3 Bh5 7.Bb5+ c6 
8.Bc4 Bxf3 9.gxf3 Qc7 10.Be3 e6 11.a3 Nbd7 12.Qe2 
O-O-O 13.O-O-O Nb6 14.Bb3 Nfd5 15.Nxd5 Nxd5 16.Bg1 
Qf4+ 17.Kb1 Be7 18.Bh2 Qf5 19.Qe5 Qxe5 20.dxe5 b5 
21.Rd3 Nb6 22.Rhd1 Rxd3 23.Rxd3 c5 24.Rd1 Rd8 
25.Kc1 c4 26.Ba2 c3 27.Rxd8+ Kxd8 28.b4 Nd5 
29.Bxd5 exd5 30.Bg1 a5 31.Bb6+ Kd7 32.Bxa5 Bg5+ 
33.Kb1 Bf4 34.Bb6 Bxe5 35.Ka2 h5 36.Kb3 f5 37.a4 
bxa4+ 38.Kxa4 g5 39.Be3 g4 40.fxg4 hxg4 41.hxg4 
fxg4 42.Bg1 d4 43.Kb3 Kc6 44.Kc4 g3 45.b5+ Kd6 
46.Kd3 Kc5 47.Ke4 Kxb5 48.Kxe5 d3 49.cxd3 c2 
50.Be3 g2 51.d4 c1Q {%}  52.Bxc1 g1Q {%}  53.Bf4 
{do you surrender?}  Kc4 54.Kf5 Kxd4 55.Kf6 Qg4 
56.Bh6 Ke4 57.Bg7 Qf5+ 58.Ke7 Qg6 59.Kf8 Kd5 
60.Kg8 Ke6 61.Kh8 Kf7 62.Bf8 Qh5+ 63.Bh6 
Qxh6+ 0-1

[Event "HCL-B217"]
[Site "www.playchess.de"]
[Date "2001.03.20"]
[Round "4"]
[White "Ciociosan"]
[Black "janus"]
[WhiteElo "1640"]
[BlackElo "1760"]
[PlyCount "76"]
[Result "0-1"]

1.d4 Nf6 {Good luck for you !! Greetings from 
Germany}  2.c4 {Gleichweiss!}  g6 3.Nc3 Bg7 4.e4 
d6 5.f4 c5 6.dxc5 Qa5 7.Bd3 Qxc5 8.Nf3 Nc6 9.Qe2 
Bg4 10.Be3 Qa5 11.O-O Nd7 12.Rac1 Nc5 13.Bb1 O-O 
14.h3 Nd4 15.Bxd4 Bxd4+ 16.Kh2 Bxf3 17.Rxf3 
{Congratulations with your promotion!}  Bg7 {Thank 
you very much !! You play very well - do you play 
in a chess-club ??}  18.Nd5 {No club because no 
time!}  Qd8 {Also like me *smile* ! But the 
internet-chess is a good alternative.}  19.b4 
{Exactly! Do you play also 'normal' (timecontrol) 
chess on the web?}  Ne6 {No - I play only by 
"playchess.de". Sorry - my english is not so good 
!!}  20.Rd3 a5 21.c5 axb4 22.cxd6 exd6 23.Qd2 Nc5 
24.Re3 Ra4 25.Rc4 Re8 26.Nxb4 b5 27.Nc6 {Hi! Nice 
to be back in business!}  Qc8 {Hi Fumi ! I´m 
pleasured too - do you have a little time for 
playing chess now ??}  28.Rxa4 {Only at night, 
like now! (not for you I suppose)}  Nxa4 {Your 
supposition is correct - here it is a half past 
three p.m.}  29.Nd4 {Maybe I better not have this 
pawn for breakfast! I thought that finally you 
made a mistake, but no!}  Qc5 {Thank you for the 
compliment !! It´s a hard fight and I have to play 
with high concentration !!}  30.Nb3 Qa7 31.Rd3 
{How about a draw?Neither of us seems to have a 
real edge. How do you value your game with Ybear?} 
 Qc7 {Sorry for the refusal of the draw, but I see 
a little advantage for me. My game agains Ybear is 
won}  32.Re3 {Ok. You move your queen around, I 
move my rook around!}  Rc8 {Ok - and I move my 
rock too *smile* !!}  33.Bd3 Nc3 {If you tell me 
your email-adress, I send you a picture of myself 
- are you interesting ?}  34.a3 {First I am 
determined now to deliver you first 0. It's about 
time! Then we will see!}  Qa7 {Ok - then I wish 
you good luck - you will need it *doublesmile* !!} 
 35.Bc2 {.}  Rc4 {So silent - are you angry about 
me ;-)) ?}  36.Bd3 {Silence=Peace}  Rc6 {ok - then 
let´s concentrate on our game !}  37.Bc2 Qxa3 
38.e5 {.}  Qb4 0-1